| 000 | 00537nam a22001577a 4500 | ||
|---|---|---|---|
| 020 | _qHard Cover. | ||
| 082 | _a004 | ||
| 100 | _aKhalid, Komal | ||
| 245 |
_aExtension of semantic based urdu Linguistic resources using natural language processing techniques / _cKomal Khalid. |
||
| 260 |
_aIslamabad; _bMCS - NUST, _c2016. |
||
| 300 |
_a66 p. : _bill.; _c30cm _e+CD. |
||
| 650 |
_aSoftware Engineering MS-Thesis. _916149 |
||
| 700 |
_aDr. Hammad Afzal _935034 |
||
| 942 |
_2ddc _cTHE |
||
| 999 |
_c540927 _d540927 |
||